000 00653nam a2200193Ii 4500
003 JO-AjNU
008 230605s9999||||xx |||||||||||||| ||und||
040 _aJO-AjNU
_bara
_erda
_cJO-AjNU
041 _aara
050 1 4 _aPN4775.M8378 1900
100 3 _aمحمد، محمد السيد,
_eauthor
_914525
245 0 0 _aالمؤسسة الصحفية: إقتصاديات الأعلام
264 3 1 _aالقاهرة: دار الفكر العربي، 1900
300 _a247ص
336 _atext
_btxt
_2rdacontent
337 _aunmediated
_bn
_2rdamedia
338 _avolume
_bnc
_2rdacarrier
650 4 _aصحافة - إقتصاديات الإعلام
_914526
999 _aA3894
_c7462
_d7462